[Event "South Island Championships 2023"]
[Site "Oamaru, New Zealand"]
[Date "????.??.??"]
[Round "7.11"]
[White "Familton, Gregory"]
[Black "Gold, Hamish R"]
[Result "1/2-1/2"]
[TimeControl "90 + 30"]
[WhiteFideId "4317190"]
[BlackFideId "4301579"]
[WhiteElo "1751"]
[BlackElo "1758"]

1. e4 {[%clk 01:30:54]} {[%emt 00:00:02]} e6 {[%clk 01:30:29]} {[%emt
00:00:31]} 2. Nc3 {[%clk 01:31:19]} {[%emt 00:00:06]} d5 {[%clk 01:29:56]}
{[%emt 00:01:03]} 3. Nf3 {[%clk 01:31:45]} {[%emt 00:00:04]} dxe4 {[%clk
01:29:03]} {[%emt 00:01:22]} 4. Nxe4 {[%clk 01:31:59]} {[%emt 00:00:17]} Bd7
{[%clk 01:27:48]} {[%emt 00:01:44]} 5. d4 {[%clk 01:31:54]} {[%emt 00:00:35]}
Bc6 {[%clk 01:26:35]} {[%emt 00:01:43]} 6. Bd3 {[%clk 01:31:23]} {[%emt
00:01:01]} Nf6 {[%clk 01:24:47]} {[%emt 00:02:18]} 7. Nxf6+ {[%clk 01:31:43]}
{[%emt 00:00:11]} Qxf6 {[%clk 01:22:08]} {[%emt 00:03:07]} 8. Bg5 {[%clk
01:32:11]} {[%emt 00:00:03]} Bxf3 {[%clk 01:22:20]} {[%emt 00:00:18]} 9. Qxf3
{[%clk 01:31:32]} {[%emt 00:01:09]} Qxf3 {[%clk 01:21:47]} {[%emt 00:01:01]} 10.
gxf3 {[%clk 01:32:02]} Nc6 {[%clk 01:20:27]} {[%emt 00:01:52]} 11. c3 {[%clk
01:30:19]} {[%emt 00:02:13]} Be7 {[%clk 01:19:59]} {[%emt 00:00:58]} 12. Bf4
{[%clk 01:30:40]} {[%emt 00:00:09]} O-O-O {[%clk 01:18:51]} {[%emt 00:01:38]}
13. Ke2 {[%clk 01:28:49]} {[%emt 00:02:21]} Bd6 {[%clk 01:17:34]} {[%emt
00:01:47]} 14. Bg3 {[%clk 01:28:46]} {[%emt 00:00:34]} h5 {[%clk 01:16:26]}
{[%emt 00:01:37]} 15. Rag1 {[%clk 01:26:36]} {[%emt 00:02:40]} g6 {[%clk
01:15:06]} {[%emt 00:01:50]} 16. h4 {[%clk 01:20:21]} {[%emt 00:06:45]} Ne7
{[%clk 01:11:28]} {[%emt 00:04:07]} 17. Ke3 {[%clk 01:12:40]} {[%emt 00:08:12]}
Rhe8 {[%clk 01:10:13]} {[%emt 00:01:44]} 18. a3 {[%clk 01:05:24]} {[%emt
00:07:47]} c5 {[%clk 01:04:44]} {[%emt 00:05:58]} 19. Bxd6 {[%clk 01:03:17]}
{[%emt 00:02:38]} cxd4+ {[%clk 01:02:27]} {[%emt 00:02:47]} 20. Kxd4 {[%clk
01:02:26]} {[%emt 00:01:22]} Rxd6+ {[%clk 01:02:17]} {[%emt 00:00:39]} 21. Ke4
{[%clk 00:58:36]} {[%emt 00:04:20]} Red8 {[%clk 01:01:35]} {[%emt 00:01:11]} 22.
Rd1 {[%clk 00:58:47]} {[%emt 00:00:20]} Nc6 {[%clk 00:59:51]} {[%emt 00:02:14]}
23. Bc2 {[%clk 00:58:52]} {[%emt 00:00:26]} Rd2 {[%clk 00:59:07]} {[%emt
00:01:12]} 24. Rxd2 {[%clk 00:52:58]} {[%emt 00:06:25]} Rxd2 {[%clk 00:59:27]}
{[%emt 00:00:11]} 25. Ba4 {[%clk 00:53:20]} {[%emt 00:00:07]} Ne7 {[%clk
00:56:07]} {[%emt 00:03:49]} 26. Be8 {[%clk 00:49:38]} {[%emt 00:04:13]} f6
{[%clk 00:56:08]} {[%emt 00:00:28]} 27. Rg1 {[%clk 00:49:34]} {[%emt 00:00:35]}
Rd8 {[%clk 00:55:28]} {[%emt 00:01:10]} 28. Bf7 {[%clk 00:46:28]} {[%emt
00:03:36]} e5 {[%clk 00:54:12]} {[%emt 00:01:46]} 29. Bxg6 {[%clk 00:38:48]}
{[%emt 00:08:11]} Kc7 {[%clk 00:52:41]} {[%emt 00:02:00]} 30. Bxh5 {[%clk
00:32:35]} {[%emt 00:06:43]} Rh8 {[%clk 00:52:35]} {[%emt 00:00:35]} 31. Bf7
{[%clk 00:29:04]} {[%emt 00:04:02]} Rxh4+ {[%clk 00:52:08]} {[%emt 00:00:57]}
32. Ke3 {[%clk 00:26:41]} {[%emt 00:02:53]} Kc6 {[%clk 00:51:05]} {[%emt
00:01:32]} 33. Rg4 {[%clk 00:22:23]} {[%emt 00:04:49]} Rh7 {[%clk 00:49:07]}
{[%emt 00:02:27]} 34. Bb3 {[%clk 00:21:02]} {[%emt 00:01:52]} Rh1 {[%clk
00:46:27]} {[%emt 00:03:09]} 35. Kd2 {[%clk 00:18:05]} {[%emt 00:03:24]} Rh2
{[%clk 00:45:15]} {[%emt 00:01:45]} 36. Ke2 {[%clk 00:17:44]} {[%emt 00:00:52]}
Rh1 {[%clk 00:44:55]} {[%emt 00:00:49]} 37. Rg7 {[%clk 00:16:20]} {[%emt
00:01:54]} Rb1 {[%clk 00:43:32]} {[%emt 00:01:52]} 38. Ba4+ {[%clk 00:15:59]}
{[%emt 00:00:53]} Kd6 {[%clk 00:43:28]} {[%emt 00:00:34]} 39. b3 {[%clk
00:15:39]} {[%emt 00:00:51]} a6 {[%clk 00:43:14]} {[%emt 00:00:43]} 40. c4
{[%clk 00:15:51]} {[%emt 00:00:18]} Ra1 {[%clk 00:42:42]} {[%emt 00:01:00]} 41.
Rf7 {[%clk 00:12:14]} {[%emt 00:04:09]} Ke6 {[%clk 00:41:46]} {[%emt 00:01:25]}
42. Rf8 {[%clk 00:12:25]} {[%emt 00:00:20]} Ra2+ {[%clk 00:41:49]} {[%emt
00:00:26]} 43. Kf1 {[%clk 00:10:10]} {[%emt 00:02:46]} Nf5 {[%clk 00:41:14]}
{[%emt 00:01:05]} 44. Rb8 {[%clk 00:10:05]} {[%emt 00:00:35]} Nd6 {[%clk
00:41:16]} {[%emt 00:00:26]} 45. c5 {[%clk 00:09:55]} {[%emt 00:00:42]} Ra1+
{[%clk 00:40:54]} {[%emt 00:00:52]} 46. Kg2 {[%clk 00:09:33]} {[%emt 00:00:53]}
Nf5 {[%clk 00:38:22]} {[%emt 00:03:00]} 47. Rxb7 {[%clk 00:08:03]} {[%emt
00:02:01]} Nh4+ {[%clk 00:38:45]} {[%emt 00:00:07]} 48. Kg3 {[%clk 00:08:28]}
{[%emt 00:00:05]} Nf5+ {[%clk 00:39:05]} {[%emt 00:00:09]} 49. Kh2 {[%clk
00:08:45]} {[%emt 00:00:14]} Nd4 {[%clk 00:39:03]} {[%emt 00:00:31]} 50. Kg2
{[%clk 00:06:16]} {[%emt 00:03:00]} Kd5 {[%clk 00:37:04]} {[%emt 00:02:29]} 51.
Rb6 {[%clk 00:04:11]} {[%emt 00:02:35]} Kxc5 {[%clk 00:34:32]} {[%emt
00:03:02]} 52. Rxa6 {[%clk 00:02:33]} {[%emt 00:02:09]} Rxa3 {[%clk 00:34:22]}
{[%emt 00:00:38]} 53. Rxf6 {[%clk 00:02:54]} {[%emt 00:00:10]} Nxb3 {[%clk
00:34:21]} {[%emt 00:00:30]} 54. Bxb3 {[%clk 00:02:15]} {[%emt 00:01:10]} Rxb3
{[%clk 00:34:30]} {[%emt 00:00:20]} 55. Re6 {[%clk 00:02:43]} {[%emt 00:00:03]}
Kd5 {[%clk 00:34:31]} {[%emt 00:00:29]} 56. Re8 {[%clk 00:03:12]} Rc3 {[%clk
00:33:47]} {[%emt 00:01:14]} 57. Kg3 {[%clk 00:03:41]} Ra3 {[%clk 00:33:42]}
{[%emt 00:00:34]} 58. Kg4 {[%clk 00:04:07]} {[%emt 00:00:05]} Ra4+ {[%clk
00:33:36]} {[%emt 00:00:35]} 59. Kg3 {[%clk 00:03:44]} {[%emt 00:00:53]} Ra3
{[%clk 00:33:52]} {[%emt 00:00:14]} 60. Rd8+ {[%clk 00:03:28]} {[%emt
00:00:47]} Ke6 {[%clk 00:34:07]} {[%emt 00:00:14]} 61. Rd2 {[%clk 00:02:49]}
{[%emt 00:01:10]} e4 {[%clk 00:34:01]} {[%emt 00:00:36]} 1/2-1/2

[Event "South Island Championships 2023"]
[Site "Oamaru, New Zealand"]
[Date "????.??.??"]
[Round "7.9"]
[White "Wang, Justin Zhide"]
[Black "Black, Ross"]
[Result "1-0"]
[TimeControl "90 + 30"]
[WhiteFideId "4312830"]
[BlackFideId "4304047"]
[WhiteElo "1849"]
[BlackElo "1724"]

1. e4 {[%clk 01:30:55]} {[%emt 00:00:04]} e6 {[%clk 01:29:24]} {[%emt
00:01:36]} 2. d4 {[%clk 01:31:22]} {[%emt 00:00:03]} d5 {[%clk 01:29:41]}
{[%emt 00:00:13]} 3. exd5 {[%clk 01:31:48]} {[%emt 00:00:04]} exd5 {[%clk
01:29:59]} {[%emt 00:00:12]} 4. Bd3 {[%clk 01:32:16]} {[%emt 00:00:02]} Nf6
{[%clk 01:29:56]} {[%emt 00:00:33]} 5. Ne2 {[%clk 01:32:42]} {[%emt 00:00:05]}
Bd6 {[%clk 01:29:16]} {[%emt 00:01:09]} 6. O-O {[%clk 01:32:07]} {[%emt
00:01:04]} O-O {[%clk 01:25:22]} {[%emt 00:04:25]} 7. f4 {[%clk 01:31:14]}
{[%emt 00:01:23]} Bg4 {[%clk 01:23:09]} {[%emt 00:02:42]} 8. Nd2 {[%clk
01:28:57]} {[%emt 00:02:48]} Nc6 {[%clk 01:21:39]} {[%emt 00:02:00]} 9. c3
{[%clk 01:29:20]} {[%emt 00:00:08]} Qd7 {[%clk 01:21:03]} {[%emt 00:01:06]} 10.
Nf3 {[%clk 01:29:44]} {[%emt 00:00:06]} Bxf3 {[%clk 01:17:05]} {[%emt
00:04:26]} 11. Rxf3 {[%clk 01:30:05]} {[%emt 00:00:10]} Rfe8 {[%clk 01:16:50]}
{[%emt 00:00:44]} 12. Ng3 {[%clk 01:26:11]} {[%emt 00:04:25]} g6 {[%clk
01:14:40]} {[%emt 00:02:40]} 13. f5 {[%clk 01:20:53]} {[%emt 00:05:48]} Bxg3
{[%clk 01:14:07]} {[%emt 00:01:02]} 14. hxg3 {[%clk 01:18:11]} {[%emt
00:03:13]} Ne4 {[%clk 01:13:47]} {[%emt 00:00:49]} 15. Qf1 {[%clk 01:16:15]}
{[%emt 00:02:27]} Ne7 {[%clk 01:07:20]} {[%emt 00:06:57]} 16. g4 {[%clk
01:13:39]} {[%emt 00:03:05]} g5 {[%clk 01:03:55]} {[%emt 00:03:55]} 17. Bxe4
{[%clk 01:07:49]} {[%emt 00:06:21]} dxe4 {[%clk 01:04:15]} {[%emt 00:00:10]} 18.
Rf2 {[%clk 01:08:07]} {[%emt 00:00:13]} f6 {[%clk 01:03:05]} {[%emt 00:01:39]}
19. Bxg5 {[%clk 01:08:02]} {[%emt 00:00:35]} fxg5 {[%clk 01:03:09]} {[%emt
00:00:26]} 20. f6 {[%clk 01:08:23]} {[%emt 00:00:09]} Kh8 {[%clk 01:01:15]}
{[%emt 00:02:24]} 21. fxe7 {[%emt 00:00:32]} Qxe7 {[%clk 01:00:55]} {[%emt
00:00:42]} 22. Rf7 {[%clk 01:08:43]} {[%emt 00:00:17]} Qd6 {[%clk 00:59:58]}
{[%emt 00:01:25]} 23. Qf5 {[%clk 01:08:52]} {[%emt 00:00:21]} Qh6 {[%clk
00:56:43]} {[%emt 00:03:45]} 24. Re1 {[%clk 00:56:36]} {[%emt 00:12:47]} e3
{[%clk 00:56:59]} {[%emt 00:00:14]} 25. Re2 {[%clk 00:56:15]} {[%emt 00:00:52]}
Rac8 {[%clk 00:54:24]} {[%emt 00:03:04]} 26. g3 {[%clk 00:56:35]} {[%emt
00:00:10]} Qg6 {[%clk 00:36:12]} {[%emt 00:18:42]} 27. Qxg6 {[%clk 00:55:08]}
{[%emt 00:01:58]} hxg6 {[%clk 00:36:30]} {[%emt 00:00:11]} 28. Rf3 {[%clk
00:55:35]} {[%emt 00:00:03]} Kg7 {[%clk 00:35:38]} {[%emt 00:01:21]} 29. Rexe3
{[%clk 00:56:00]} {[%emt 00:00:06]} Rxe3 {[%clk 00:35:06]} {[%emt 00:01:02]} 30.
Rxe3 {[%clk 00:56:24]} {[%emt 00:00:06]} Kf6 {[%clk 00:35:13]} {[%emt
00:00:23]} 31. Kf2 {[%clk 00:56:50]} {[%emt 00:00:04]} b5 {[%clk 00:35:00]}
{[%emt 00:00:43]} 32. Re5 {[%clk 00:57:05]} {[%emt 00:00:15]} c6 {[%clk
00:34:46]} {[%emt 00:00:44]} 33. Rc5 {[%clk 00:57:32]} {[%emt 00:00:04]} a5
{[%clk 00:34:30]} {[%emt 00:00:46]} 34. d5 {[%clk 00:57:58]} {[%emt 00:00:04]}
Ke5 {[%clk 00:33:40]} {[%emt 00:01:19]} 35. dxc6+ {[%clk 00:58:24]} {[%emt
00:00:05]} Kd6 {[%clk 00:33:27]} {[%emt 00:00:42]} 36. Rxb5 {[%clk 00:58:46]}
{[%emt 00:00:09]} Kxc6 {[%clk 00:33:24]} {[%emt 00:00:33]} 37. Rxg5 {[%clk
00:59:10]} {[%emt 00:00:06]} Rf8+ {[%clk 00:33:05]} {[%emt 00:00:48]} 38. Ke2
{[%clk 00:59:32]} {[%emt 00:00:08]} Re8+ {[%clk 00:33:18]} {[%emt 00:00:16]} 39.
Kd2 {[%clk 00:59:57]} {[%emt 00:00:06]} 1-0

[Event "South Island Championships 2023"]
[Site "Oamaru, New Zealand"]
[Date "????.??.??"]
[Round "7.4"]
[White "Stark, John"]
[Black "Ha, Timothy Huy Minh"]
[Result "1/2-1/2"]
[TimeControl "90 + 30"]
[WhiteFideId "4300963"]
[BlackFideId "12417246"]
[WhiteElo "2204"]
[BlackElo "1843"]

1. d4 {[%clk 01:30:56]} {[%emt 00:00:03]} d5 {[%clk 01:30:53]} {[%emt
00:00:08]} 2. c4 {[%clk 01:31:22]} {[%emt 00:00:04]} e6 {[%clk 01:31:19]}
{[%emt 00:00:03]} 3. Nc3 {[%clk 01:31:43]} {[%emt 00:00:09]} Nf6 {[%clk
01:31:38]} {[%emt 00:00:12]} 4. cxd5 {[%clk 01:32:10]} {[%emt 00:00:03]} exd5
{[%clk 01:32:02]} {[%emt 00:00:05]} 5. Bg5 {[%clk 01:32:36]} {[%emt 00:00:03]}
c6 {[%clk 01:32:28]} {[%emt 00:00:05]} 6. Nf3 {[%clk 01:32:32]} {[%emt
00:00:35]} Be7 {[%clk 01:30:40]} {[%emt 00:02:17]} 7. Qc2 {[%clk 01:32:39]}
{[%emt 00:00:23]} O-O {[%clk 01:29:41]} {[%emt 00:01:30]} 8. e3 {[%clk
01:33:07]} {[%emt 00:00:02]} Be6 {[%clk 01:27:59]} {[%emt 00:02:12]} 9. Bd3
{[%clk 01:33:17]} {[%emt 00:00:20]} h6 {[%clk 01:28:18]} {[%emt 00:00:11]} 10.
Bh4 {[%clk 01:30:08]} {[%emt 00:03:39]} Ne8 {[%clk 01:28:20]} {[%emt 00:00:28]}
11. Bxe7 {[%clk 01:29:09]} {[%emt 00:01:28]} Qxe7 {[%clk 01:28:40]} {[%emt
00:00:10]} 12. O-O {[%clk 01:29:34]} {[%emt 00:00:04]} Nd6 {[%clk 01:29:04]}
{[%emt 00:00:07]} 13. b4 {[%clk 01:27:52]} {[%emt 00:02:12]} a6 {[%clk
01:26:44]} {[%emt 00:02:50]} 14. Rab1 {[%clk 01:25:59]} {[%emt 00:02:23]} b5
{[%clk 01:25:50]} {[%emt 00:01:25]} 15. Ne5 {[%clk 01:24:39]} {[%emt 00:01:50]}
Rc8 {[%clk 01:25:47]} {[%emt 00:00:31]} 16. f4 {[%clk 01:24:28]} {[%emt
00:00:43]} Nc4 {[%clk 01:25:47]} {[%emt 00:00:32]} 17. Bxc4 {[%clk 01:23:59]}
{[%emt 00:00:57]} bxc4 {[%clk 01:25:34]} {[%emt 00:00:44]} 18. f5 {[%clk
01:15:41]} {[%emt 00:08:47]} Bd7 {[%clk 01:25:59]} {[%emt 00:00:05]} 19. Qf2
{[%clk 01:13:59]} {[%emt 00:02:12]} f6 {[%clk 01:21:12]} {[%emt 00:05:18]} 20.
Ng6 {[%clk 01:07:55]} {[%emt 00:06:33]} Qf7 {[%clk 01:15:34]} {[%emt 00:06:08]}
21. e4 {[%clk 01:06:09]} {[%emt 00:02:17]} Re8 {[%clk 01:15:34]} {[%emt
00:00:29]} 22. e5 {[%clk 01:04:46]} {[%emt 00:01:52]} fxe5 {[%clk 01:14:41]}
{[%emt 00:01:24]} 23. dxe5 {[%clk 01:02:33]} {[%emt 00:02:43]} Bc8 {[%clk
01:15:05]} {[%emt 00:00:07]} 24. Na4 {[%clk 00:58:08]} {[%emt 00:04:55]} Kh7
{[%clk 01:09:04]} {[%emt 00:06:30]} 25. g4 {[%clk 00:47:57]} {[%emt 00:10:41]}
a5 {[%clk 01:07:03]} {[%emt 00:02:31]} 26. Nb6 {[%clk 00:43:43]} {[%emt
00:04:44]} Ra6 {[%clk 01:06:31]} {[%emt 00:01:01]} 27. Nxc8 {[%clk 00:43:33]}
{[%emt 00:00:41]} Rxc8 {[%clk 01:06:55]} {[%emt 00:00:06]} 28. g5 {[%clk
00:39:46]} {[%emt 00:04:16]} Qa7 {[%clk 01:06:54]} {[%emt 00:00:32]} 29. gxh6
{[%clk 00:35:37]} {[%emt 00:04:38]} Kxh6 {[%clk 01:05:46]} {[%emt 00:01:39]} 30.
b5 {[%clk 00:28:15]} {[%emt 00:07:53]} Qxf2+ {[%clk 01:01:38]} {[%emt
00:04:37]} 31. Kxf2 {[%clk 00:22:40]} {[%emt 00:06:04]} Rb6 {[%clk 01:01:58]}
{[%emt 00:00:10]} 32. Ne7 {[%clk 00:16:32]} {[%emt 00:06:38]} Rc7 {[%clk
00:50:59]} {[%emt 00:11:28]} 33. bxc6 {[%clk 00:16:47]} {[%emt 00:00:16]} Rxb1
{[%clk 00:49:40]} {[%emt 00:01:49]} 34. Rxb1 {[%clk 00:17:17]} Nxc6 {[%clk
00:47:45]} {[%emt 00:02:24]} 35. Nxd5 {[%clk 00:06:39]} {[%emt 00:11:08]} Rd7
{[%clk 00:41:44]} {[%emt 00:06:30]} 36. Rb6 {[%clk 00:04:58]} {[%emt 00:02:12]}
Rxd5 {[%clk 00:40:47]} {[%emt 00:01:27]} 37. Rxc6+ {[%clk 00:05:25]} {[%emt
00:00:03]} Kg5 {[%clk 00:41:14]} {[%emt 00:00:03]} 38. f6 {[%clk 00:04:13]}
{[%emt 00:01:42]} gxf6 {[%clk 00:36:57]} {[%emt 00:04:47]} 39. exf6 {[%clk
00:04:25]} {[%emt 00:00:18]} Kg6 {[%clk 00:35:45]} {[%emt 00:01:42]} 40. Ke3
{[%clk 00:03:36]} {[%emt 00:01:17]} c3 {[%clk 00:34:38]} {[%emt 00:01:39]} 41.
Rxc3 {[%clk 00:03:05]} {[%emt 00:01:02]} Kxf6 {[%clk 00:35:02]} {[%emt
00:00:06]} 42. Rc4 {[%clk 00:01:37]} {[%emt 00:01:58]} Rg5 {[%clk 00:30:25]}
{[%emt 00:05:06]} 43. h4 {[%clk 00:01:18]} {[%emt 00:00:50]} Rg3+ {[%clk
00:30:48]} {[%emt 00:00:06]} 44. Kf4 {[%clk 00:00:51]} {[%emt 00:00:56]} Ra3
{[%clk 00:31:08]} {[%emt 00:00:11]} 45. Rc6+ {[%clk 00:01:15]} {[%emt
00:00:06]} Kg7 {[%clk 00:31:23]} {[%emt 00:00:15]} 46. Rc2 {[%clk 00:01:38]}
{[%emt 00:00:06]} Kg6 {[%clk 00:30:52]} {[%emt 00:01:02]} 47. Rh2 {[%clk
00:01:33]} {[%emt 00:00:32]} Kh5 {[%clk 00:28:33]} {[%emt 00:02:52]} 48. Ke5
{[%clk 00:00:42]} {[%emt 00:01:21]} Rg3 {[%clk 00:28:33]} {[%emt 00:00:30]} 49.
Kd5 {[%clk 00:00:44]} {[%emt 00:00:29]} a4 {[%clk 00:29:01]} {[%emt 00:00:02]}
50. Kc4 {[%clk 00:00:45]} {[%emt 00:00:28]} a3 {[%clk 00:29:25]} {[%emt
00:00:07]} 51. Kb4 {[%clk 00:00:56]} {[%emt 00:00:17]} Rf3 {[%clk 00:29:45]}
{[%emt 00:00:11]} 52. Ka4 {[%clk 00:00:37]} {[%emt 00:00:50]} Rg3 {[%clk
00:30:08]} {[%emt 00:00:07]} 53. Kb4 {[%clk 00:00:34]} {[%emt 00:00:33]} Rf3
{[%clk 00:30:33]} {[%emt 00:00:04]} 54. Rh1 {[%clk 00:00:46]} {[%emt 00:00:19]}
Rg3 {[%clk 00:30:52]} {[%emt 00:00:11]} 55. Rh2 {[%clk 00:00:36]} {[%emt
00:00:40]} 1/2-1/2

[Event "South Island Championships 2023"]
[Site "Oamaru, New Zealand"]
[Date "????.??.??"]
[Round "7.2"]
[White "Zhang, Kendrick Botong"]
[Black "Johnson, Quentin J F"]
[Result "1/2-1/2"]
[TimeControl "90 + 30"]
[WhiteFideId "4307704"]
[BlackFideId "4301480"]
[WhiteElo "2067"]
[BlackElo "2089"]

1. e4 {[%clk 01:29:00]} {[%emt 00:02:00]} c5 {[%clk 01:30:56]} {[%emt
00:00:04]} 2. Nf3 {[%clk 01:29:19]} {[%emt 00:00:09]} e6 {[%clk 01:31:23]}
{[%emt 00:00:04]} 3. d4 {[%clk 01:29:44]} {[%emt 00:00:06]} cxd4 {[%clk
01:31:49]} {[%emt 00:00:04]} 4. Nxd4 {[%clk 01:30:05]} {[%emt 00:00:08]} Nc6
{[%clk 01:32:16]} {[%emt 00:00:03]} 5. Nc3 {[%clk 01:30:27]} {[%emt 00:00:08]}
Qc7 {[%clk 01:32:40]} {[%emt 00:00:06]} 6. Be3 {[%clk 01:30:52]} {[%emt
00:00:05]} a6 {[%clk 01:33:06]} {[%emt 00:00:04]} 7. Qd2 {[%clk 01:31:13]}
{[%emt 00:00:09]} Nf6 {[%clk 01:33:30]} {[%emt 00:00:06]} 8. f3 {[%clk
01:26:50]} {[%emt 00:04:53]} Be7 {[%clk 01:33:34]} {[%emt 00:00:27]} 9. O-O-O
{[%clk 01:27:07]} {[%emt 00:00:12]} b5 {[%clk 01:33:52]} {[%emt 00:00:12]} 10.
g4 {[%clk 01:18:13]} {[%emt 00:09:24]} Nxd4 {[%clk 01:31:11]} {[%emt 00:03:11]}
11. Bxd4 {[%clk 01:18:17]} {[%emt 00:00:26]} Bb7 {[%clk 01:29:00]} {[%emt
00:02:41]} 12. g5 {[%clk 01:15:00]} {[%emt 00:03:47]} Nh5 {[%clk 01:29:03]}
{[%emt 00:00:27]} 13. Be5 {[%clk 01:15:13]} {[%emt 00:00:17]} Qxe5 {[%clk
01:23:50]} {[%emt 00:05:44]} 14. Qxd7+ {[%clk 01:15:34]} {[%emt 00:00:08]} Kf8
{[%clk 01:24:15]} {[%emt 00:00:06]} 15. Qxb7 {[%clk 01:15:58]} {[%emt
00:00:05]} Qb8 {[%clk 01:24:29]} {[%emt 00:00:16]} 16. Rd7 {[%clk 00:50:50]}
{[%emt 00:25:38]} Qxb7 {[%clk 01:22:01]} {[%emt 00:02:58]} 17. Rxb7 {[%clk
00:51:01]} {[%emt 00:00:19]} Bxg5+ {[%clk 01:22:13]} {[%emt 00:00:19]} 18. Kb1
{[%clk 00:51:21]} {[%emt 00:00:10]} g6 {[%clk 01:12:59]} {[%emt 00:09:43]} 19.
a4 {[%clk 00:45:54]} {[%emt 00:05:58]} bxa4 {[%clk 00:50:11]} {[%emt 00:23:18]}
20. Nxa4 {[%clk 00:43:58]} {[%emt 00:02:24]} Be3 {[%clk 00:49:58]} {[%emt
00:00:44]} 21. Bc4 {[%clk 00:33:24]} {[%emt 00:11:04]} Nf4 {[%clk 00:50:19]}
{[%emt 00:00:10]} 22. Rd1 {[%clk 00:33:13]} {[%emt 00:00:40]} Kg7 {[%clk
00:50:13]} {[%emt 00:00:36]} 23. Rdd7 {[%clk 00:30:51]} {[%emt 00:02:52]} Rhf8
{[%clk 00:50:13]} {[%emt 00:00:30]} 24. Nb6 {[%clk 00:18:05]} {[%emt 00:13:17]}
Rab8 {[%clk 00:35:57]} {[%emt 00:14:46]} 25. Rxf7+ {[%clk 00:13:54]} {[%emt
00:04:40]} Rxf7 {[%clk 00:36:15]} {[%emt 00:00:12]} 26. Rxb8 {[%clk 00:14:20]}
{[%emt 00:00:04]} a5 {[%clk 00:36:29]} {[%emt 00:00:16]} 27. Bb3 {[%clk
00:09:50]} {[%emt 00:05:00]} Ne2 {[%clk 00:24:18]} {[%emt 00:12:41]} 28. Bxe6
{[%clk 00:05:27]} {[%emt 00:04:53]} Rxf3 {[%clk 00:24:30]} {[%emt 00:00:18]} 29.
Nc4 {[%clk 00:04:13]} {[%emt 00:01:43]} Rf1+ {[%clk 00:18:50]} {[%emt
00:06:11]} 30. Ka2 {[%clk 00:04:36]} {[%emt 00:00:07]} Bc5 {[%clk 00:19:12]}
{[%emt 00:00:08]} 31. Rb7+ {[%clk 00:01:46]} {[%emt 00:03:20]} Kh6 {[%clk
00:17:41]} {[%emt 00:02:01]} 32. Bg8 {[%clk 00:00:32]} {[%emt 00:01:44]} Nc1+
{[%clk 00:17:25]} {[%emt 00:00:46]} 33. Kb1 {[%clk 00:00:56]} {[%emt 00:00:06]}
Ne2+ {[%clk 00:15:11]} {[%emt 00:02:43]} 34. Ka2 {[%clk 00:01:20]} {[%emt
00:00:07]} Nc1+ {[%clk 00:01:52]} {[%emt 00:13:49]} 1/2-1/2